India's turn : (Record no. 31995)
[ view plain ]
| 000 -LEADER | |
|---|---|
| fixed length control field | 01249cam a22002894a 4500 |
| 005 - DATE AND TIME OF LATEST TRANSACTION | |
| control field | 20090403072342.0 |
| 008 - FIXED-LENGTH DATA ELEMENTS--GENERAL INFORMATION | |
| fixed length control field | 080724s2008 ii a b 001 0 eng |
| 010 ## - LCCN (DPL NO) | |
| LC control number | ENG-95528 |
| 020 ## - INTERNATIONAL STANDARD BOOK NUMBER | |
| International Standard Book Number | 9780198064060 |
| Terms of availability | 295.00 |
| 020 ## - INTERNATIONAL STANDARD BOOK NUMBER | |
| International Standard Book Number | 0198064063 |
| 035 ## - SYSTEM CONTROL NUMBER | |
| System control number | EN-79061 |
| 037 ## - SOURCE OF ACQUISITION | |
| Source of stock number/acquisition | DBAD/PUB |
| 040 ## - CATALOGING SOURCE | |
| Original cataloging agency | DPL |
| 245 ## - TITLE STATEMENT | |
| Title | India's turn : |
| Remainder of title | understanding the economic transformation / |
| Statement of responsibility, etc | by Arvind Subramanian. |
| 260 ## - PUBLICATION, DISTRIBUTION, ETC. (IMPRINT) | |
| Place of publication, distribution, etc | New Delhi : |
| Name of publisher, distributor, etc | Oxford University Press, |
| Date of publication, distribution, etc | 2009 |
| 300 ## - PHYSICAL DESCRIPTION | |
| Extent | xvii, 237 p. : |
| Other physical details | ill. ; |
| Dimensions | 24 cm.(Pbk) |
| 504 ## - BIBLIOGRAPHY, ETC. NOTE | |
| Bibliography, etc | Includes bibliographical references and index. |
| 520 ## - SUMMARY, ETC. | |
| Summary, etc | On economic policies pursued in Indian economy post 1991 watershed year; articles co-authored with many other writers. |
| 651 ## - SUBJECT ADDED ENTRY--GEOGRAPHIC NAME | |
| Geographic name | India |
| General subdivision | Economic policy |
| Chronological subdivision | 1991- |
| 700 ## - ADDED ENTRY--PERSONAL NAME | |
| Personal name | Subramanian, Arvind. |
| 856 ## - ELECTRONIC LOCATION AND ACCESS | |
| Uniform Resource Identifier | <a href="http://www.loc.gov/catdir/enhancements/fy0907/2008331356-b.html">http://www.loc.gov/catdir/enhancements/fy0907/2008331356-b.html</a> |
| 856 ## - ELECTRONIC LOCATION AND ACCESS | |
| Uniform Resource Identifier | <a href="http://www.loc.gov/catdir/enhancements/fy0907/2008331356-d.html">http://www.loc.gov/catdir/enhancements/fy0907/2008331356-d.html</a> |
| 856 ## - ELECTRONIC LOCATION AND ACCESS | |
| Uniform Resource Identifier | <a href="http://www.loc.gov/catdir/enhancements/fy0907/2008331356-t.html">http://www.loc.gov/catdir/enhancements/fy0907/2008331356-t.html</a> |
| 942 ## - ADDED ENTRY ELEMENTS (KOHA) | |
| Source of classification or shelving scheme | Dewey Decimal Classification |
| Item type | English Books |
| Call number suffix | SUB |
| Withdrawn status | Lost status | Source of classification or shelving scheme | Damaged status | Not for loan | Collection code | Home library | Current library | Date acquired | Source of acquisition | Cost, normal purchase price | Total Checkouts | Full call number | Barcode | Date last seen | Copy number | Cost, replacement price | Koha item type |
|---|---|---|---|---|---|---|---|---|---|---|---|---|---|---|---|---|---|
| Dewey Decimal Classification | Not For Loan | Non-fiction | D.B.Act.Division | D.B.Act.Division | 21/11/2009 | DBAD / PUB | 295.00 | SUB | EN-79061 | 21/11/2009 | 1 | 295.00 | English Books |
